000 00582cam a22002053a 4500
001 41854
003 PGUSA
005 20140828083938.0
008 130116s2013||||xxu|||||s|||||000 | eng d
040 _aPGUSA
_beng
042 _adc
100 1 _aAnderson, Isabel
245 1 0 _aPolly the Pagan :
_bHer Lost Love Letters
_h[electronic resource] /
_cIsabel Anderson
260 _bProject Gutenberg,
_c2013
506 _aPublic domain in the USA.
516 _aElectronic text
830 0 _aProject Gutenberg
_v41854
856 4 0 _uhttp://www.gutenberg.org/ebooks/41854
942 _cEB
999 _c271106
_d271106